A.D. Hope /

Saved in:
Bibliographic Details
Main Author: Hooton, Joy W. (Joy Wendy), 1935-
Format: Book
Language:English
Published: Melbourne : Oxford University Press, 1979.
Series:Australian bibliographies
Subjects:
LEADER 01107nam a2200277 a 4500
001 c000134239
003 CARM
005 20010808100002.0
008 780712s1979 vra b 001 0 eng d
019 1 |a 1650017  |z 1748257  |z 21766257  |5 LACONCORD2021 
020 |a 0195505239 :  |c $7.95 Aust. 
035 |a (OCoLC)6059869  |5 LACONCORD2021 
040 |a ANB  |b eng  |c ANB  |d ANB:REV 
042 |a anuc 
082 1 4 |a 016/.821/2  |2 19 
100 1 |a Hooton, Joy W.  |q (Joy Wendy),  |d 1935- 
245 1 0 |a A.D. Hope /  |c Joy W. Hooton. 
260 |a Melbourne :  |b Oxford University Press,  |c 1979. 
300 |a ix, 276 p. ;  |c 22 cm. 
440 0 |a Australian bibliographies 
500 |a Poetry in English. Australian writers, 1890-1945. Hope, Alec Derwent, 1907-. Bibliographies (ANB/PRECIS SIN 0235016) 
500 |a Indexes. 
600 1 0 |a Hope, A. D.  |q (Alec Derwent),  |d 1907-2000  |x Bibliography. 
852 8 |b CARM  |h A2:AB08A0  |i B02548  |p 0094095  |f BK 
999 f f |i 5c4d0da7-5387-528a-b7f4-32ce00722896  |s 24d11e68-131b-56ab-9cce-113dfedd2467 
952 f f |p Can circulate  |a CAVAL  |b CAVAL  |c CAVAL  |d CARM 1 Store  |e B02548  |f A2:AB08A0  |h Other scheme  |i book  |m 0094095